Paris Katherine Jackson Quiz Stats

Quiz not verified by Sporcle

Challenge
Share
Tweet
Embed
Score 0/13 Timer 07:00
0 Plays Today
Clue Answer % Correct
Hair colorDark brown
84.6%
She loves to ____ and danceSing
76.9%
Current age12
73.1%
Favorite colorPink
61.5%
BirthdayApril 3
53.8%
Birth placeLos Angeles
46.2%
GodmotherElizabeth Taylor
42.3%
GodfatherMacualay Culkin
30.8%
Favorite foodMacaroni and pizza
19.2%
Sport she doesKarate
19.2%
Favorite moviePeter Pan
15.4%
Favorite cartoonHello Kitty
15.4%
Favorite Michael Jackson songsBeat It and Smooth Criminal
11.5%

You're not logged in!

Compare scores with friends on all Sporcle quizzes.
Sign Up with Email
OR
Log In

You Might Also Like...

Show Comments

Extras

Top Quizzes Today


Score Distribution

Your Account Isn't Verified!

In order to create a playlist on Sporcle, you need to verify the email address you used during registration. Go to your Sporcle Settings to finish the process.